LSAT Endurance Practice / (Record no. 617107)

000 -LEADER
fixed length control field 00375nam a22001457a 4500
020 ## - INTERNATIONAL STANDARD BOOK NUMBER
Qualifying information PB.
040 ## - CATALOGING SOURCE
Transcribing agency Fizza Ishaq
082 ## - DEWEY DECIMAL CLASSIFICATION NUMBER
Classification number 378.1662
Author Mark KAP
100 ## - MAIN ENTRY--PERSONAL NAME
Personal name Kaplan Inc.
9 (RLIN) 134160
245 ## - TITLE STATEMENT
Title LSAT Endurance Practice /
Statement of responsibility, etc. Kaplan Inc.
250 ## - EDITION STATEMENT
Edition statement 2009 Ed.
260 ## - PUBLICATION, DISTRIBUTION, ETC.
Place of publication, distribution, etc. New York :
Name of publisher, distributor, etc. Kaplan Inc,
Date of publication, distribution, etc. 2009.
300 ## - PHYSICAL DESCRIPTION
Extent 817 p, ;
Dimensions 10.8 x 8.8 x 1.8 inches
942 ## - ADDED ENTRY ELEMENTS (KOHA)
Source of classification or shelving scheme
Koha item type Book
Holdings
Withdrawn status Lost status Source of classification or shelving scheme Damaged status Not for loan Permanent Location Current Location Shelving location Date acquired Total Checkouts Full call number Barcode Date last seen Price effective from Koha item type
          NUST Baluchistan Campus (NBC) NUST Baluchistan Campus (NBC) General Stacks 04/15/2026   378.1662 KAP QD-645 04/15/2026 04/15/2026 Book
© 2023 Central Library, National University of Sciences and Technology. All Rights Reserved.